Manual of traffic engineering studies (Record no. 33603)

000 -LEADER
fixed length control field 00526nam a22001937a 4500
001 - CONTROL NUMBER
control field 33603
003 - CONTROL NUMBER IDENTIFIER
control field BD-DhUET
008 - FIXED-LENGTH DATA ELEMENTS--GENERAL INFORMATION
fixed length control field 150917b xxu||||| |||| 00| 0 eng d
040 ## - CATALOGING SOURCE
Transcribing agency DLC
Modifying agency BD-DhUET
082 ## - DEWEY DECIMAL CLASSIFICATION NUMBER
Classification number 388.312
Item number CLE/1964
100 ## - MAIN ENTRY--PERSONAL NAME
Personal name Cleveland, Donald E.
245 ## - TITLE STATEMENT
Title Manual of traffic engineering studies
250 ## - EDITION STATEMENT
Edition statement 3rd ed.
260 ## - PUBLICATION, DISTRIBUTION, ETC. (IMPRINT)
Place of publication, distribution, etc. Woshington .D. C.
Name of publisher, distributor, etc. Institute of traffic Engineers
Date of publication, distribution, etc. 1964
300 ## - PHYSICAL DESCRIPTION
Extent xii, 187 p.
Other physical details ill
504 ## - BIBLIOGRAPHY, ETC. NOTE
Bibliography, etc Includes bibliographies
650 #0 - SUBJECT ADDED ENTRY--TOPICAL TERM
Topical term or geographic name as entry element Traffic engineering
942 ## - ADDED ENTRY ELEMENTS (KOHA)
Koha item type Edited Book
Holdings
Piece designation (barcode) Shelving location Location (home branch) Sublocation or collection (holding branch) Lost status Withdrawn status Koha normalized classification for sorting Koha full call number Date acquired Price effective from Koha item type Not for loan Copy number Source of classification or shelving scheme Damaged status Koha date last seen
84362Reference sectionCentral Library, BUETCentral Library, BUET  388_312000000000000_CLE_1964388.312/CLE/19642015-09-172015-09-17Edited Book 1  2015-09-17
22130Circulation sectionCentral Library, BUETCentral Library, BUET  388_312000000000000_CLE_1964388.312/CLE/19642017-03-122017-03-12Edited Book 2  2017-03-25
22128Circulation sectionCentral Library, BUETCentral Library, BUET  388_312000000000000_CLE_1964388.312/CLE/19642017-03-122017-03-12Edited Book 3  2017-03-12
22126Circulation sectionCentral Library, BUETCentral Library, BUET  388_312000000000000_CLE_1964388.312/CLE/19642017-03-122017-03-12Edited Book 4  2017-03-12
22127Circulation sectionCentral Library, BUETCentral Library, BUET  388_312000000000000_CLE_1964388.312/CLE/19642017-03-122017-03-12Edited Book 5  2017-03-12
22129Circulation sectionCentral Library, BUETCentral Library, BUET  388_312000000000000_CLE_1964388.312/CLE/19642017-03-122017-03-12Edited Book 6  2017-03-12